What's in the Middle (The Americas) - Statistics

General Stats
  • This quiz has been taken 739 times
    735 since last reset
  • The average score is 14 of 19
Answer Stats
Hint Middle Hint % Correct
Canada United States Mexico
99%
Mexico Gulf of {Mexico} Florida
94%
Cuba Haiti Dominican Republic
89%
Uruguay Argentina Chile
88%
Costa Rica Panama Colombia
88%
Panama Colombia Brazil
87%
Bolivia Brazil Suriname
86%
French Guiana Suriname Guyana
83%
Nicaragua Costa Rica Panama
82%
Guatemala El Salvador Honduras
82%
Venezuela Guyana Suriname
82%
Paraguay Bolivia Peru
81%
Bahamas Cuba Jamaica
76%
St Vincent Grenada Trinidad
64%
St Lucia St Vincent Grenada
64%
Baja California, Mexico Gulf of {California} Mexico
46%
Dominican Republic Puerto Rico U.S. Virgin Islands
35%
Canada {Baffin} Bay Greenland
29%
Antigua Guadalupe Dominica
14%
No matching quizzes found
Score Distribution
Percent of People with Each Score
Percentile by Number Answered
Your Score History
You have not taken this quiz since the last reset